WWE superstars real names - Statistics

General Stats
  • This quiz has been taken 8,806 times
    8,804 since last reset
  • The average score is 9 of 12
Answer Stats
Hint Answer % Correct
Bryan Danielson Daniel Bryan
93%
Mark Callaway Undertaker
92%
Glen Jacobs Kane
89%
Paul Wight Big Show
86%
Adam Copeland Edge
85%
Michael Mizanin The Miz
84%
Phil Brooks CM Punk
77%
Heath Miller Heath Slater
67%
Chris Irvine Chris Jericho
61%
Matthew Cardona Zack Ryder
48%
Jacob Hagers Jack Swagger
45%
William Reso Christian
39%
No matching quizzes found
Score Distribution
Percent of People with Each Score
Percentile by Number Answered
Your Score History
You have not taken this quiz since the last reset